| 000 | 00516nam a22001817a 4500 | ||
|---|---|---|---|
| 003 | CEME | ||
| 005 | 20210628205430.0 | ||
| 008 | 210211b xxu||||| |||| 00| 0 eng d | ||
| 020 | _a0-201-47946-X | ||
| 040 | _c. | ||
| 082 | _a005.133-JC ++ BOO'J | ||
| 100 |
_aBoone, Barry _975523 |
||
| 245 | _aJava essentials for c and c plus plus programmers | ||
| 260 |
_bADDISON WESLEY _aNEWYORK _c1996 |
||
| 300 | _a311P | ||
| 650 |
_aOBJECT ORIENTED PROGRAMMING JAVA COMPUTER PROGRAM LANGUAGE _962837 |
||
| 942 |
_cBK _2ddc |
||
| 999 |
_c580925 _d580925 |
||